| 000 | 01486nam a22002777a 4500 | ||
|---|---|---|---|
| 001 | 1078 | ||
| 005 | 20250904082027.0 | ||
| 020 | _a9789995054717 | ||
| 040 |
_aFISKH _beng _cFISKH _dFISKH |
||
| 082 | _a591.7 | ||
| 100 | _aDary, Heng | ||
| 245 | _aសៀវភៅរូបភាពសត្វ / | ||
| 246 | _aPicture book animals | ||
| 250 | _a11th Published in August 2022. | ||
| 260 |
_aPhnom Penh : _bSipar, _c2022. |
||
| 300 |
_a25 unnumbered pages : _bcolor illustrations, _c20 x 21 cm. |
||
| 505 | _aG | ||
| 520 | _aកុមារតូចនឹងបានរៀនអំពីពាក្យដំបួង ជាមួយនឹងផ្ទាំងគំនូររូបភាពពណ៍ដែលនឹងលើកយកមកបង្ហាញអំពី សត្វនៅក្នុងប្រទេសកម្ពុជា នៅតំបន់់អាព្រិច នៅសមុទ្រ នៅតំបន់ប៉ូលខាងជើង នៅព្រៃស្រោង និងនៅ វាលខ្សាច់ ។ | ||
| 520 | _aBasic vocabulary is introduced to children with paintings of Animals in Cambodia, Africa, at the sea, from the north pole, in the jungle, and at the desert. | ||
| 521 |
_a350
_bLexile estimate |
||
| 521 |
_aG
_bRaz-Plus |
||
| 650 |
_aសត្វ _vព្រៃ _xសមុទ្រ |
||
| 650 |
_aAnimals _vJungle _xSea |
||
| 700 |
_aSamphors, Try _cillustrator |
||
| 942 |
_2ddc _cBK _n0 |
||
| 999 |
_c1078 _d1078 |
||